<?xml version="1.0" encoding="UTF-8"?>
<record
    xmlns:xsi="http://www.w3.org/2001/XMLSchema-instance"
    xsi:schemaLocation="http://www.loc.gov/MARC21/slim http://www.loc.gov/standards/marcxml/schema/MARC21slim.xsd"
    xmlns="http://www.loc.gov/MARC21/slim">

  <leader>00561nam a22001577a 4500</leader>
  <controlfield tag="003">OSt</controlfield>
  <controlfield tag="005">20150906094438.0</controlfield>
  <controlfield tag="008">150906b        xxu||||| |||| 00| 0 eng d</controlfield>
  <datafield tag="040" ind1=" " ind2=" ">
    <subfield code="c">RUA</subfield>
  </datafield>
  <datafield tag="082" ind1=" " ind2=" ">
    <subfield code="a">AGR &#x179F;&#x17BB;&#x17B7;&#x1780; 1991 B004 Or.1</subfield>
  </datafield>
  <datafield tag="100" ind1=" " ind2=" ">
    <subfield code="9">76</subfield>
    <subfield code="a">&#x179F;&#x17BB;&#x17B7;&#x1780; &#x1794;&#x17BC;&#x179A;&#x17D0;&#x1780;&#x17D2;&#x179F;</subfield>
  </datafield>
  <datafield tag="245" ind1=" " ind2=" ">
    <subfield code="a">&#x179F;&#x178F;&#x17D2;&#x179C;&#x179B;&#x17D2;&#x17A2;&#x17B7;&#x178F;&#x179F;&#x17C6;&#x1781;&#x17B6;&#x1793;&#x17CB;&#x17D7; &#x1794;&#x17C6;&#x1795;&#x17D2;&#x179B;&#x17B6;&#x1789;&#x1782;&#x17D2;&#x179A;&#x17B6;&#x1794;&#x17CB;&#x1780;&#x17D2;&#x1793;&#x17BB;&#x1784;&#x1783;&#x17D2;&#x179B;&#x17B6;&#x17C6;&#x1784; &#x1793;&#x17B7;&#x1784;&#x200B; &#x179C;&#x17B7;&#x1792;&#x17B6;&#x1793;&#x1780;&#x17B6;&#x179A;&#x1780;&#x17C6;&#x1785;&#x17B6;&#x178F;&#x17CB;</subfield>
  </datafield>
  <datafield tag="260" ind1=" " ind2=" ">
    <subfield code="a">Phnom Penh</subfield>
    <subfield code="b">RUA</subfield>
    <subfield code="c">1991</subfield>
  </datafield>
  <datafield tag="300" ind1=" " ind2=" ">
    <subfield code="a">79p.</subfield>
    <subfield code="b">ill.</subfield>
    <subfield code="c">29cm.</subfield>
  </datafield>
  <datafield tag="942" ind1=" " ind2=" ">
    <subfield code="2">ddc</subfield>
    <subfield code="c">AGR</subfield>
  </datafield>
  <datafield tag="999" ind1=" " ind2=" ">
    <subfield code="c">73</subfield>
    <subfield code="d">73</subfield>
  </datafield>
  <datafield tag="952" ind1=" " ind2=" ">
    <subfield code="0">0</subfield>
    <subfield code="1">0</subfield>
    <subfield code="2">ddc</subfield>
    <subfield code="4">0</subfield>
    <subfield code="6">AGR_&#x179F;&#x17BB;&#x17B7;&#x1780;_1991_000000000000000_B004_OR_1</subfield>
    <subfield code="7">0</subfield>
    <subfield code="9">227</subfield>
    <subfield code="a">LBB</subfield>
    <subfield code="b">LBB</subfield>
    <subfield code="c">B004</subfield>
    <subfield code="d">2015-09-06</subfield>
    <subfield code="l">1</subfield>
    <subfield code="o">AGR &#x179F;&#x17BB;&#x17B7;&#x1780; 1991 B004 Or.1</subfield>
    <subfield code="p">RUA005541</subfield>
    <subfield code="r">2019-07-19</subfield>
    <subfield code="s">2019-07-08</subfield>
    <subfield code="w">2015-09-06</subfield>
    <subfield code="y">AGR</subfield>
  </datafield>
  <datafield tag="952" ind1=" " ind2=" ">
    <subfield code="0">0</subfield>
    <subfield code="1">0</subfield>
    <subfield code="2">ddc</subfield>
    <subfield code="4">0</subfield>
    <subfield code="6">AGR_&#x179F;&#x17BB;&#x17B7;&#x1780;_1991_000000000000000_B004_OR_2</subfield>
    <subfield code="7">0</subfield>
    <subfield code="9">228</subfield>
    <subfield code="a">LBB</subfield>
    <subfield code="b">LBB</subfield>
    <subfield code="c">B004</subfield>
    <subfield code="d">2015-09-06</subfield>
    <subfield code="o">AGR &#x179F;&#x17BB;&#x17B7;&#x1780; 1991 B004 Or.2</subfield>
    <subfield code="p">RUA004927</subfield>
    <subfield code="r">2015-09-06</subfield>
    <subfield code="w">2015-09-06</subfield>
    <subfield code="y">AGR</subfield>
  </datafield>
  <datafield tag="952" ind1=" " ind2=" ">
    <subfield code="0">0</subfield>
    <subfield code="1">0</subfield>
    <subfield code="2">ddc</subfield>
    <subfield code="4">0</subfield>
    <subfield code="6">AGR_&#x179F;&#x17BB;&#x17B7;&#x1780;_1991_000000000000000_B004_OR_3</subfield>
    <subfield code="7">0</subfield>
    <subfield code="9">229</subfield>
    <subfield code="a">LBB</subfield>
    <subfield code="b">LBB</subfield>
    <subfield code="c">B004</subfield>
    <subfield code="d">2015-09-06</subfield>
    <subfield code="l">1</subfield>
    <subfield code="o">AGR &#x179F;&#x17BB;&#x17B7;&#x1780; 1991 B004 Or.3</subfield>
    <subfield code="p">RUA005508</subfield>
    <subfield code="r">2016-07-12</subfield>
    <subfield code="s">2016-07-06</subfield>
    <subfield code="w">2015-09-06</subfield>
    <subfield code="y">AGR</subfield>
  </datafield>
  <datafield tag="952" ind1=" " ind2=" ">
    <subfield code="0">0</subfield>
    <subfield code="1">0</subfield>
    <subfield code="2">ddc</subfield>
    <subfield code="4">0</subfield>
    <subfield code="6">AGR_&#x179F;&#x17BB;&#x17B7;&#x1780;_1991_000000000000000_B004_OR_4</subfield>
    <subfield code="7">0</subfield>
    <subfield code="9">230</subfield>
    <subfield code="a">LBB</subfield>
    <subfield code="b">LBB</subfield>
    <subfield code="c">B004</subfield>
    <subfield code="d">2015-09-06</subfield>
    <subfield code="o">AGR &#x179F;&#x17BB;&#x17B7;&#x1780; 1991 B004 Or.4</subfield>
    <subfield code="p">RUA004849</subfield>
    <subfield code="r">2015-09-06</subfield>
    <subfield code="w">2015-09-06</subfield>
    <subfield code="y">AGR</subfield>
  </datafield>
  <datafield tag="952" ind1=" " ind2=" ">
    <subfield code="0">0</subfield>
    <subfield code="1">0</subfield>
    <subfield code="2">ddc</subfield>
    <subfield code="4">0</subfield>
    <subfield code="6">AGR_&#x179F;&#x17BB;&#x17B7;&#x1780;_1991_000000000000000_B004_OR_5</subfield>
    <subfield code="7">0</subfield>
    <subfield code="9">231</subfield>
    <subfield code="a">LBB</subfield>
    <subfield code="b">LBB</subfield>
    <subfield code="c">B004</subfield>
    <subfield code="d">2015-09-06</subfield>
    <subfield code="o">AGR &#x179F;&#x17BB;&#x17B7;&#x1780; 1991 B004 Or.5</subfield>
    <subfield code="p">RUA005973</subfield>
    <subfield code="r">2015-09-06</subfield>
    <subfield code="w">2015-09-06</subfield>
    <subfield code="y">AGR</subfield>
  </datafield>
  <datafield tag="952" ind1=" " ind2=" ">
    <subfield code="0">0</subfield>
    <subfield code="1">0</subfield>
    <subfield code="2">ddc</subfield>
    <subfield code="4">0</subfield>
    <subfield code="6">AGR_&#x179F;&#x17BB;&#x17B7;&#x1780;_1991_000000000000000_B004_OR_6</subfield>
    <subfield code="7">0</subfield>
    <subfield code="9">232</subfield>
    <subfield code="a">LBB</subfield>
    <subfield code="b">LBB</subfield>
    <subfield code="c">B004</subfield>
    <subfield code="d">2015-09-06</subfield>
    <subfield code="o">AGR &#x179F;&#x17BB;&#x17B7;&#x1780; 1991 B004 Or.6</subfield>
    <subfield code="p">RUA005342</subfield>
    <subfield code="r">2015-09-06</subfield>
    <subfield code="w">2015-09-06</subfield>
    <subfield code="y">AGR</subfield>
  </datafield>
  <datafield tag="952" ind1=" " ind2=" ">
    <subfield code="0">0</subfield>
    <subfield code="1">0</subfield>
    <subfield code="2">ddc</subfield>
    <subfield code="4">0</subfield>
    <subfield code="6">AGR_&#x179F;&#x17BB;&#x17B7;&#x1780;_1991_000000000000000_B004_OR_7</subfield>
    <subfield code="7">0</subfield>
    <subfield code="9">233</subfield>
    <subfield code="a">LBB</subfield>
    <subfield code="b">LBB</subfield>
    <subfield code="c">B004</subfield>
    <subfield code="d">2015-09-06</subfield>
    <subfield code="l">2</subfield>
    <subfield code="o">AGR &#x179F;&#x17BB;&#x17B7;&#x1780; 1991 B004 Or.7</subfield>
    <subfield code="p">RUA005892</subfield>
    <subfield code="r">2019-08-05</subfield>
    <subfield code="s">2019-07-22</subfield>
    <subfield code="w">2015-09-06</subfield>
    <subfield code="y">AGR</subfield>
  </datafield>
  <datafield tag="952" ind1=" " ind2=" ">
    <subfield code="0">0</subfield>
    <subfield code="1">0</subfield>
    <subfield code="2">ddc</subfield>
    <subfield code="4">0</subfield>
    <subfield code="6">AGR_&#x179F;&#x17BB;&#x17B7;&#x1780;_1991_000000000000000_B004_OR_8</subfield>
    <subfield code="7">0</subfield>
    <subfield code="9">234</subfield>
    <subfield code="a">LBB</subfield>
    <subfield code="b">LBB</subfield>
    <subfield code="c">B004</subfield>
    <subfield code="d">2015-09-06</subfield>
    <subfield code="l">1</subfield>
    <subfield code="o">AGR &#x179F;&#x17BB;&#x17B7;&#x1780; 1991 B004 Or.8</subfield>
    <subfield code="p">RUA005815</subfield>
    <subfield code="r">2019-07-12</subfield>
    <subfield code="s">2019-07-08</subfield>
    <subfield code="w">2015-09-06</subfield>
    <subfield code="y">AGR</subfield>
  </datafield>
</record>
